| 000 | 01138nam a22003017a 4500 | ||
|---|---|---|---|
| 001 | 267 | ||
| 003 | FISKH | ||
| 005 | 20230313152149.0 | ||
| 008 | 230313b cb ||||| |||| 00| 0 eng d | ||
| 040 |
_aDLC _cDLC _dDLC _dFISKH _beng |
||
| 042 | _alcac | ||
| 050 | 0 | 0 |
_aPZ7.W58277 _bSt7 |
| 082 | 0 | 0 | _a813.52 |
| 100 | 1 |
_aWhite, E. B. _q(Elwyn Brooks), _d1899-1985. |
|
| 245 | 1 | 0 |
_aStuart Little / _cE. B. White ; pictures by Garth Williams. |
| 260 |
_aNew York : _bScholastic _c1987 |
||
| 300 |
_a131 p. : _bill. ; _c20 cm. |
||
| 505 | _aQ | ||
| 520 | _aThe adventures of the debonair mouse Stuart Little as he sets out in the world to seek out his dearest friend, a little bird who stayed a few days in his family's garden. | ||
| 521 | 8 |
_a920
_bLexile |
|
| 521 | 8 |
_aQ
_bRaz-Plus |
|
| 650 | 1 |
_aMice _xFiction. |
|
| 700 | 1 |
_aWilliams, Garth, _eill. |
|
| 856 | 4 | 2 |
_3Publisher description _uhttp://www.loc.gov/catdir/description/hc043/75309606.html |
| 856 | 4 | 2 |
_3Contributor biographical information _uhttp://www.loc.gov/catdir/enhancements/fy0911/75309606-b.html |
| 906 |
_a7 _bcbc _corignew _d2 _encip _f19 _gy-gencatlg |
||
| 942 |
_2ddc _cBK _n0 |
||
| 999 |
_c267 _d267 |
||